00676nam a2200229 a 450000100060000000300080000600500170001400800410003102000320007203500190010404000270012304100080015008200250015810000190018324500600020226000320026230000330029449000600032750400260038765000120041365000210042572823BD-RjUL20211209082320.0170524s1980 enka b 000 0 eng  a0713128054 (pbk.) :c£2.60 a(BD-RjUL)73041 aDLCcDLCdBD-RjULbeng aeng00a572.57223bFUL 19801 aFurth, Anna J.10aLipids and polysaccharides in biology /cAnna J. Furth. aLondon :bE. Arnold,c1980. a65, [1] p. :bill. ;c22 cm. aThe Institute of Biology's studies in biology,vno. 125 aBibliography: p. [66] 0aLipids. 0aPolysaccharides.